Welcome to the Holygrace Academy Library

Please use search bar below to get started

PARPPIDAM (Record no. 5087)

MARC details
000 -LEADER
fixed length control field 00404nam a22001337a 4500
082 ## - DEWEY DECIMAL CLASSIFICATION NUMBER
Classification number 894.812.3
Item number MOH/P
100 ## - MAIN ENTRY--AUTHOR NAME
Personal name MOHANAVARMMA
245 ## - TITLE STATEMENT
Title PARPPIDAM
260 ## - PUBLICATION, DISTRIBUTION, ETC. (IMPRINT)
Place of publication THRISSUR
Name of publisher CURRENT BOOKS
Year of publication 1997
300 ## - PHYSICAL DESCRIPTION
Number of Pages 40
520 ## - SUMMARY, ETC.
Summary, etc The novel tells the story of a young man named Henry and how he came to his father's hometown Krishnarajapuram and renovated his old house.
650 ## - SUBJECT ADDED ENTRY--TOPICAL TERM
Topical Term NOVEL
942 ## - ADDED ENTRY ELEMENTS (KOHA)
Koha item type Books
Holdings
Withdrawn status Lost status Collection code Home library Current library Shelving location Date acquired Source of acquisition Cost, normal purchase price Full call number Accession Number Koha item type
    Fiction Main Library Main Library SHELF-16- J- MALAYALAM NOVELS,FICTIONS 12/01/2005 Purchase 40.00 894.812.3 MOH/P 02014 Books